00676cam a22002177a 4500003000500000005001700005008004100022010000900063011000900072035000900081040000900090100003000099245008300129260004000212300001000252500001200262502008800274650004200362650003300404650002100437CHAP20220329133145.0971013s1991 r 00010 d a2815 a3787 a2988 cCHAP00aAscencio Franco, Ramón.13aEl capital trasnacional en la agro-industria de la papab: el caso de Sabritas aChapingo, Méx. :bEl autor,c1991 a193 h aD47-107 aTesis (M.C. Esp. en Sociología Rural) -- UACH. Departamento de Sociología Rural14aEmpresas comerciales internacionales.14aPapaxAspectos económicos.14aPapaxIndustria.